000 01014cam a22002777a 4500
005 20220329141132.0
008 971010s1972 r 00010 d
010 _a63160
011 _a64132
035 _a69336
082 _a631.3
_bS47
100 0 0 _aSerna Ferrer, Ramón de la.
_9105165
245 0 _aIII Guía de maquinaria de Agrícola
260 _aMadrid :
_bMinisterio de Agricultura. Dirección General de la Producción Agraría,
_c[1972]
300 _a403 p.
590 _aBATCH-UPD
_b10
_c20130110
_lUCH01
_h0642
590 _aBATCH-UPD
_b10
_c20130410
_lUCH01
_h0327
590 _aBATCH-UPD
_b10
_c20130914
_lUCH01
_h1758
590 _aCONVERSION
_b10
_c20130109
_lUCH01
_h1334
650 1 4 _aMaquinaria agrícola.
_971151
700 0 _aFuente Santero, Félix de la.
_943814
710 0 _aEspaña. Dirección General de la Producción Agraria.
_937708
901 _aBK
949 _a631.3 S47
_bMA
_cLIBRO
_d-1528
_eLIBRO
_h1479
_i69336
_si
949 _a631.3 S47
_bMA
_cLIBRO
_d-49884
_eLIBRO
_fc.2
_h1480
_i69336
_si
999 _c63160
_d63160